000 00438nam a2200181Ia 4500
003 IT-RoPAU
005 20220918175351.0
008 120407s9999 xx 000 0 und d
040 _aIT-RoPAU
040 _cIT-RoPAU
245 _aStato del mondo 1997. Bilancio politico, economico, sociale e diplomatico…
245 _cAA.VV.
250 _aMilano
260 _aIl Saggiatore
300 _c cm
490 _v1
942 _cBK
_2ddc
999 _c6922
_d6922